000 00460nam a22001937a 4500
003 LK-CoDNM
005 20250205141247.0
008 250131b |||||||| |||| 00| 0 eng d
040 _aLK-CoDNM
_dLK-CoDNM
_eLK-CoDNM
041 _aeng
080 _a92
100 _aCRUICKSHANK,ROBERT
245 _aHandbook Of Bacterilogy
250 _atenth
260 _alondon
_bchruchill
_c1962
300 _a980P. : ill ; 24 cm
650 _ascience
942 _cBK
999 _c237796
_d237796